000
00303 a2200145 4500
001
181042
020
_a
040
_c
Magnum
100
_a
Miguel, Lourdes
240
1
0
_a
Una nota falsa
_l
ESP
245
1
0
_a
Una nota falsa
362
0
_a
1899
697
_a
MAGNITO: LITERATURA ESTRANGEIR
942
_c
BK
999
_c
181042
_d
181042